000 01649nam a22004337a 4500
001 2880343
003 OSt
005 20210426094909.0
008 870105s1987 enka b 001 0 eng c
010 _a 86034347
020 _a0521328284
040 _aDNLM/DLC
_cDLC
_deng
_beng
041 _aeng
043 _ae-fr---
_ae-uk---
050 0 0 _aRB25
_b.M36 1987
060 _aQZ 11 GF7 M44m
080 _a61 (09)
_bM-41
082 0 0 _a616.07/09034
_219
100 1 _aMaulitz, Russell Charles,
_d1944-
245 1 0 _aMorbid appearances :
_bthe anatomy of pathology in the early nineteenth century /
_c/ by: Cambridge University Press
260 _aCambridge ;
_aNew York :
_bCambridge University Press
_c1987.
300 _aix, 277 p. :
_bill. ;
_c24 cm.
440 0 _aCambridge history of medicine
500 _aIncludes index.
504 _aBibliography: p. [265]-273.
650 0 _aAnatomy, Pathological
_zFrance
_xHistory
_y19th century.
650 0 _aHistory of Medicine
_9335
650 0 _aAnatomy, Pathological
_zGreat Britain
_xHistory
_y19th century.
650 2 _aPathology
_xhistory
_zFrance.
650 2 _aPathology
_xhistory
_zGreat Britain.
653 _aმედიცინის ისტორია
653 _aანატომია
653 _aპათოლოგია
856 4 1 _3Sample text
_uhttp://www.loc.gov/catdir/samples/cam031/86034347.html
856 4 1 _3Table of contents
_uhttp://www.loc.gov/catdir/toc/cam031/86034347.html
856 4 2 _3Publisher description
_uhttp://www.loc.gov/catdir/description/cam023/86034347.html
906 _a7
_bcbc
_corignew
_d1
_eocip
_f19
_gy-gencatlg
942 _2udc
_cBK
999 _c869
_d869